=LDR 00000nam 2200000 4500 =001 INLIS000000000034703 =005 20130612140611 =008 ***********************************ind** =035 ##$$0010-061300000034703 =041 ##$$a ind =082 ##$$a 028.5 =090 ##$$a 028.5, May i =100 ##$$a Maya, Sekar =245 ##$$a I love coo king, Sekar maya;Penyunting,Dadan Ramadhan =250 ##$$a Seri kecil-kecil punya karya =260 ##$$a 2009 $b Bandung =300 ##$$a 132 hlm, Ilus, 20 cm =650 ##$$a Bacaan anak dan remaja =700 ##$$a Ramadhan, Dadan =850 ##$$a NBPNMAT